| 000 -LEADER |
| fixed length control field |
00960pab a2200205 454500 |
| 008 - FIXED-LENGTH DATA ELEMENTS--GENERAL INFORMATION |
| fixed length control field |
180718b1999 xxu||||| |||| 00| 0 eng d |
| 100 ## - MAIN ENTRY--PERSONAL NAME |
| Personal name |
Subadra |
| 245 ## - TITLE STATEMENT |
| Title |
Violence against women: wife battering in Chennai |
| 260 ## - PUBLICATION, DISTRIBUTION, ETC. |
| Date of publication, distribution, etc. |
1999 |
| 300 ## - PHYSICAL DESCRIPTION |
| Extent |
p.WS28-33 |
| 362 ## - DATES OF PUBLICATION AND/OR SEQUENTIAL DESIGNATION |
| Dates of publication and/or sequential designation |
17 & 23 Apr |
| 520 ## - SUMMARY, ETC. |
| Summary, etc. |
Domestic violence, more often than not, is rooted in patriarchal notions of ownership over women's bodies sexuality, labour reproductive rights, mobility and levels of autonomy. The phenomenon of wife battering is shrouded in myths and stereotypes that need to be debunked. A study in Chennai located in the context of the rising curve of crimes against women in the city. - Reproduced |
| 650 ## - SUBJECT ADDED ENTRY--TOPICAL TERM |
| Topical term or geographic name entry element |
Violence - India - Tamil Nadu |
| 650 ## - SUBJECT ADDED ENTRY--TOPICAL TERM |
| Topical term or geographic name entry element |
Wife abuse - India - Tamil Nadu |
| 650 ## - SUBJECT ADDED ENTRY--TOPICAL TERM |
| Topical term or geographic name entry element |
Women - Crime against - India - Tamil Nadu |
| 650 ## - SUBJECT ADDED ENTRY--TOPICAL TERM |
| Topical term or geographic name entry element |
Women - India - Tamil Nadu |
| 650 ## - SUBJECT ADDED ENTRY--TOPICAL TERM |
| Topical term or geographic name entry element |
Women |
| 773 ## - HOST ITEM ENTRY |
| Main entry heading |
Economic and Political Weekly |
| 909 ## - |
| -- |
40643 |